000 00450nam a2200181Ia 4500
005 20250603145017.0
008 250603s9999 xx 000 0 und d
020 _a9781520993232
050 _aTP 751 .B85/
100 _aAugusto Bulte
245 0 _aFundamentals of lng process engineering; a guide in lng fundamentals
260 _aUSA
260 _bPennWell Corporation
260 _c2022
300 _a395 p
650 _aUSA
942 _cBK
999 _c40604
_d40604